| 000 | 00605nam a2200217Ia 4500 | ||
|---|---|---|---|
| 003 | OSt | ||
| 005 | 20230503105607.0 | ||
| 008 | 210423s2016 xx 000 0 und d | ||
| 020 | _a978-1-107-58498-3 | ||
| 040 | _cAL | ||
| 041 | _aeng | ||
| 082 |
_a339.0285 _223 _bBART |
||
| 100 |
_aBARRETO (Humberto) _996664 |
||
| 245 | _aTeaching macroeconomics with microsoft exel | ||
| 260 |
_aNew York _bCambridge University Press _c2016 |
||
| 300 |
_axvi,182 _bPB |
||
| 365 |
_b2376.96 _cUSD |
||
| 650 |
_aMacroeconomics _996665 |
||
| 906 | _aexel ; macroeconomics ; microsoft ; Teaching | ||
| 942 |
_2ddc _cBK |
||
| 999 |
_c170841 _d170841 |
||